000 01192nam a2200229Ia 4500
001 L230-5597
003 IT-CnALBA
008 170116s9999||||xx |||||||||||||| ||und||
040 _aIT-CnALBA
_cIT-CnALBA
041 _aITALIANO
100 _aDUPONT JACQUES
245 0 _aCRISTIANESIMO NELLA STORIA.
250 _a1a ed.
260 _a BOLOGNA - NAPOLI
_bDEHONIANE EDIZIONI
_c1984 [1° Ed.:1984 - Ed.Ling.Originale: 1984]
300 _a236 p.
500 _aRICERCHE STORICHE ESEGETICHE E TEOLOGICHE. RECENSIONI. DIO O MAMMONA. UNIONE SECONDO L'IPOSTASI. ALTRI AUTORI: RIGO A.: ASSEMBLEA ATONITA SU UN GRUPPO DI MONACI. CHIESA CRISTIANITA' GENERE UMANO NELLA SOCIETÀ MEDIEVALE DI KOLMEL W. ORIGINI DEL MITO NELLA
501 _aSocietà San Paolo EM - Piazza San Paolo, 14 - 12051 ALBA (CN) (non commercial uses only) ® Copyright 2017
520 _aRICERCHE STORICHE ESEGETICHE E TEOLOGICHE. RECENSIONI. DIO O MAMMONA. UNIONE SECONDO L'IPOSTASI. ALTRI AUTORI: RIGO A.: ASSEMBLEA ATONITA SU UN GRUPPO DI MONACI. CHIESA CRISTIANITA' GENERE UMANO NELLA SOCIETÀ MEDIEVALE DI KOLMEL W. ORIGINI DEL MITO NELLA
650 _aDOGMATICA CRISTIANA
942 _cBK
957 _71
999 _a6576
_bNO
_g Copie: 1
_c264783
_d264783